000 00809nam a2200265 i 4500
001 bg
100 1 _aZARZYCKI, Jan
245 1 0 _aCyfrowa filtracja ortogonalna sygnałów losowych /
_cJan Zarzycki.
260 _aWarszawa :
_bWydawnictwa Naukowo-Techniczne,
_c1998.
300 _a203, [1] s. :
_bwykr. ;
_c24 cm.
490 1 _aUkłady i Systemy Elektroniczne
504 _aBibliogr. s. 197-200. - Indeks.
650 9 _aAlgorytmy
_xteoria
650 9 _aFiltracja cyfrowa
650 9 _aKonwersja danych
655 _aPodręczniki akademickie
830 _aUkłady i Systemy Elektroniczne
020 _a8320422450
040 _cBPK
041 0 _apl
080 _a621.377.6:510.5:004.421:004.057.6](075.8)
920 _a83-204-2245-0
942 _cKS
008 s pl f |000 0 pol
999 _c36157
_d36157
856 _uhttp://koha.tu.koszalin.pl/cgi-bin/koha/opac-detail.pl?biblionumber=36157
_yKatalog online BPK